| 000 | 00455nam a2200169Ia 4500 | ||
|---|---|---|---|
| 003 | GCL | ||
| 008 | 140319s9999 xx 000 0 eng d | ||
| 040 |
_aGCL / _cGCL |
||
| 082 | 0 | 4 |
_a620.3315028 _bB E |
| 100 | 1 | _aYADA, R.Y | |
| 245 | 1 | 0 |
_aELCTRONICS DEVICES AND CIRCUITS USING: MICRO CAP. III / _cYADA, R.Y |
| 260 |
_a[S.N] : _bABT AKVERT SKIRA S.A ، _c1993 |
||
| 300 | _a278 P | ||
| 650 | 0 | 4 | _aSCIENCE |
| 650 | 0 | 4 | _aELECTRIC CIRCUIT |
| 942 |
_2ddc _cBK |
||
| 999 |
_c17036 _d17036 |
||